[Event "HUN-chT1 9697"]
[Site "Hungary"]
[Date "1996.??.??"]
[Round "3"]
[White "Czebe, Attila"]
[Black "Prokopisin, Vasily"]
[Result "1/2-1/2"]
[WhiteElo "2325"]
[BlackElo "2340"]

1.d4 Nf6 2.c4 e6 3.Nf3 b6 4.Nc3 Bb7 5.a3 d5 6.Bg5 Be7 7.Qa4+ c6 8.Bxf6 Bxf6
9.cxd5 exd5 10.g3 O-O 11.Bg2 Nd7 12.O-O Re8 13.e3 a5 14.Rfd1 Qe7 15.Ne1 g6
16.Nd3 Bg7 17.Rac1 h5 18.Nxd5 cxd5 19.Rc7 Bc8 20.Bxd5 Rb8  1/2-1/2

[Event "HUN-chT1 9697"]
[Site "Hungary"]
[Date "1996.??.??"]
[Round "3"]
[White "Pinter, Jozsef"]
[Black "Csom, Istvan"]
[Result "1-0"]
[WhiteElo "2560"]
[BlackElo "2430"]

1.d4 Nf6 2.c4 e6 3.Nf3 b6 4.Nc3 Bb4 5.Bg5 Bb7 6.e3 c5 7.Bd3 cxd4 8.exd4 O-O
9.O-O Be7 10.Re1 d6 11.Rc1 Nbd7 12.h3 Re8 13.Bf4 a6 14.Bg3 Bf8 15.Ng5 h6
16.Nge4 Ra7 17.Nd2 d5 18.Bf1 Qa8 19.Qb3 Rc8 20.a3 Bc6 21.Rc2 Qb7 22.Rec1 Raa8
23.cxd5 Nxd5 24.Nce4 N7f6 25.Nd6 Bxd6 26.Bxd6 Qd7 27.Be5 Ne8 28.Qd3 Bb7 29.Nc4 Rc6
30.Bg3 Rac8 31.Be2 Qd8 32.Bh5 Qe7 33.Kh2 g6 34.Bf3 Qd8 35.b4 Kg7 36.Be5+ Kh7
37.Qd2 Ng7 38.Bxd5 exd5 39.Ne3 Rxc2 40.Rxc2 h5 41.Rxc8 Qxc8 42.g4 Qe6 43.gxh5 f6
44.hxg6+ Kxg6 45.Bc7 b5 46.Qc2+ Nf5 47.Bf4 Bc6 48.Ng2 Bd7 49.Be3 Kf7 50.Nf4 Qc6
51.Qe2 Ne7 52.Qh5+ Kg7 53.Qf3 Bf5 54.h4 Qd7 55.h5 Kh7 56.Qg3 Ng8 57.Ng2 Qf7
58.Qh4 Be4 59.Qh3 Ne7 60.Nf4 Nf5 61.Qg4 Nh6 62.Qe2 Qc7 63.f3 Bf5 64.Kg2 Qc4
65.Qxc4 dxc4 66.Nd5 Ng8 67.Bd2 Kg7 68.Kg3 Be6 69.Nc7 Bf7 70.Nxa6 Ne7 71.h6+ Kg6
72.Nc7 Nf5+ 73.Kf2 Nxd4 74.Bc3 Nc2 75.Nxb5 Bg8 76.a4 Bd5 77.Ke2 Bc6 78.Kd2 Nxb4
79.Bxb4 Bxf3 80.Bf8 f5 81.Ke3 Bc6 82.Nc3 Bd7 83.a5 Bc8 84.Kf4 Bb7 85.Bg7 Bc8
86.Nb5 Bb7 87.Nc7 Bc8 88.a6 Bxa6 89.Nxa6 c3 90.Bxc3 Kxh6 91.Kxf5 Kh5 92.Bf6  1-0

[Event "Chess.net m6 blitz"]
[Site "Internet"]
[Date "1996.??.??"]
[Round "2"]
[White "Gausel, Einar"]
[Black "Stefansson, Hannes"]
[Result "1/2-1/2"]
[WhiteElo "2440"]
[BlackElo "2480"]

1.d4 Nf6 2.Nf3 b6 3.c4 e6 4.Nc3 Bb7 5.a3 d5 6.Bg5 Be7 7.e3 O-O 8.Rc1 Nbd7
9.Bd3 dxc4 10.Bxc4 c5 11.O-O Rc8 12.Ba2 Ne4 13.Bxe7 Qxe7 14.Nxe4 Bxe4 15.d5 exd5
16.Bxd5 Rfd8 17.Bxe4 Qxe4 18.Qe2 Nf6 19.Rfd1 h6 20.h3 Qe6 21.Qb5 Ne4 22.a4 Nd6
23.Qa6 Qe7 24.Rd5 Ne4 25.Rcd1 Rb8 26.Qd3 Rxd5 27.Qxd5 Nf6 28.Qc6 Rd8 29.Rxd8+ Qxd8
30.Ne5 Qe7 31.f4 g5 32.g3 Kg7 33.Kg2 Qd8 34.Qb7 Qd2+ 35.Kf3 Qd1+ 36.Kf2 Qd2+
37.Kf3  1/2-1/2

[Event "ISR-ch"]
[Site "Jerusalem"]
[Date "1996.??.??"]
[Round "5"]
[White "Mikhalevski, Victor"]
[Black "Greenfeld, Alon"]
[Result "1/2-1/2"]
[WhiteElo "2500"]
[BlackElo "2555"]

1.d4 Nf6 2.c4 e6 3.Nf3 b6 4.Nc3 Bb7 5.a3 d5 6.Bg5 Be7 7.Qa4+ c6 8.cxd5 Nxd5
9.Bxe7 Nxc3 10.Qxc6+ Nxc6 11.Bxd8 Nb5 12.Bg5 Nbxd4 13.Nxd4 Nxd4 14.Rd1 h6
15.Bxh6 Nc2+ 16.Kd2 Rxh6 17.Kxc2 Rc8+ 18.Kb1 e5 19.e3 Be4+ 20.Ka2 Rc2 21.Bb5+ Bc6
22.Rd5 Bxb5 23.Rxe5+ Re6 24.Rxb5 Rxf2 25.Rc1 Rxg2 26.Rd5 Rxe3  1/2-1/2

[Event "IND-ch"]
[Site "Kasaragod"]
[Date "1996.??.??"]
[Round "2"]
[White "Ravi, Lanka"]
[Black "Mishra, Neeraj Kumar"]
[Result "1/2-1/2"]
[WhiteElo "2390"]
[BlackElo "2390"]

1.d4 Nf6 2.Nf3 e6 3.c4 b6 4.Nc3 Bb4 5.Bg5 Bb7 6.e3 h6 7.Bh4 Qe7 8.Rc1 g5
9.Bg3 Bxc3+ 10.Rxc3 Ne4 11.Rc2 d6 12.Bd3 Nd7 13.O-O Ndf6 14.c5 bxc5 15.dxc5 Nxc5
16.Bb5+ Kf8 17.Nd4 e5 18.b4 Nce4 19.Nf5 Qd8 20.f4 Nxg3 21.hxg3 gxf4 22.exf4 e4
23.Qd4 Bc8 24.Ne3 Rg8 25.Kf2 Rb8 26.Be2 h5 27.Rh1 Bg4 28.Bxg4 Nxg4+ 29.Nxg4 hxg4
30.Rh7 e3+ 31.Kg1 c5 32.bxc5 dxc5 33.Qxc5+ Qe7 34.Qc8+ Rxc8 35.Rxc8+ Qe8
36.Rxe8+ Kxe8 37.Kf1 Rg6 38.Rh4 Ra6 39.Ke2 Rxa2+ 40.Kxe3 Rxg2 41.Rxg4  1/2-1/2

[Event "Leiner op"]
[Site "Leiner"]
[Date "1996.??.??"]
[Round "9"]
[White "Deutsch, Ludwig"]
[Black "Henc, Renata"]
[Result "0-1"]
[WhiteElo "2250"]
[BlackElo "2115"]

1.d4 e6 2.c4 Nf6 3.Nf3 b6 4.Nc3 Bb7 5.e3 Be7 6.Be2 O-O 7.O-O d5 8.Nd2 c5
9.dxc5 Bxc5 10.Nb3 Bb4 11.cxd5 Bxc3 12.bxc3 Nxd5 13.Bb2 Qg5 14.Bf3 Rd8 15.c4 Nxe3
16.Qxd8+ Qxd8 17.Bxb7 Nxf1 18.Bxa8 Na6 19.Bb7 Nc5 20.Nxc5 bxc5 21.Bc3 Nxh2
22.Rb1 Ng4 23.Bf3 h5 24.Rb7 Qd3 25.Be1 Qxc4 26.Bxg4 Qxg4 27.Rxa7 Qd1 28.Kf1 c4
29.Ra3 Qb1 30.Rh3 Qxa2 31.Rxh5 c3 32.Rc5 c2 33.Bd2 Qa6+ 34.Kg1 Qe2 35.Be3 f5
36.g3 e5 37.Kg2 f4 38.gxf4 Qg4+ 39.Kh2 exf4 40.Bc1 f3 41.Rg5 Qh4+ 42.Kg1 Qb4
43.Re5 Qg4+ 44.Kh1 Qg2+  0-1

[Event "Mar del Plata op"]
[Site "Mar del Plata"]
[Date "1996.??.??"]
[Round "4"]
[White "Churin, Leonardo"]
[Black "Panno, Oscar"]
[Result "1/2-1/2"]
[WhiteElo "2310"]
[BlackElo "2485"]

1.d4 Nf6 2.c4 e6 3.Nf3 b6 4.Nc3 Bb4 5.Qb3 c5 6.a3 Ba5 7.Bg5 Nc6 8.O-O-O Bxc3
9.d5 Be5 10.dxc6 Bc7 11.cxd7+ Bxd7 12.Qc3 Qe7 13.e3 O-O-O 14.Bd3 Ba4 15.Rd2 h6
16.Bh4 Rd7 17.b3 Bc6 18.Ne5 Bxe5 19.Qxe5 Rhd8 20.Rhd1 Kb7 21.f3 a5 22.a4 g5
23.Bg3 Nh5 24.Be4 Nxg3 25.hxg3 Rxd2 26.Rxd2 Rxd2 27.Bxc6+ Kxc6 28.Kxd2 Qd6+
29.Qxd6+ Kxd6 30.Kd3 Ke5 31.g4 f5 32.Kd2 Kf6 33.e4 f4 34.Ke2 Ke5 35.Kd3 Kd6
36.Ke2 Ke5 37.Kd3 Kf6 38.Ke2 h5 39.gxh5 Kg7 40.Kf2 Kh6 41.g4 fxg3+ 42.Kxg3 Kxh5
43.Kh3  1/2-1/2

[Event "Marijampole op"]
[Site "Marijampole"]
[Date "1996.??.??"]
[Round "4"]
[White "Susterman, Anja"]
[Black "Bursteinas, Romanas"]
[Result "1/2-1/2"]
[WhiteElo "2230"]
[BlackElo "2170"]

1.d4 Nf6 2.Nf3 e6 3.c4 b6 4.Nc3 Bb7 5.e3 Be7 6.Be2 O-O 7.O-O c5 8.b3 cxd4
9.Nxd4 d5 10.cxd5 Nxd5 11.Nxd5 Bxd5 12.Bb2 Nc6 13.Nxc6 Bxc6 14.Qxd8 Rfxd8
15.Rfd1 Rxd1+ 16.Rxd1 Rd8 17.Rxd8+ Bxd8  1/2-1/2

[Event "SVK-ch"]
[Site "Martin"]
[Date "1996.??.??"]
[Round "5"]
[White "Kantorik, Marian"]
[Black "Hrivnak, Martin"]
[Result "1-0"]
[WhiteElo "2280"]
[BlackElo "2190"]

1.c4 Nf6 2.Nc3 e6 3.d4 b6 4.Nf3 Bb7 5.Bg5 Be7 6.e3 h6 7.Bh4 O-O 8.Bd3 d5
9.Bxf6 Bxf6 10.cxd5 exd5 11.O-O Nc6 12.Rc1 g6 13.a3 Rc8 14.Qe2 Re8 15.Ba6 Bxa6
16.Qxa6 Na5 17.b4 Nc4 18.Nxd5 Qxd5 19.Qxc4 Qf5 20.Qc2 Qh5 21.Qc6 Be7 22.e4 a5
23.bxa5 Qxa5 24.a4 g5 25.Qxh6 Bf8 26.Qh5 Bg7 27.Nxg5 Re7 28.d5 Rce8 29.Rc4 b5
30.axb5 Qxb5 31.Rfc1 Qxd5 32.h4 Qd2 33.Rxc7 Be5 34.Rc8 Qf4 35.g3 Qf6 36.R1c6 Qg7
37.Kg2 Bf6 38.f3 Kf8 39.Nh7+  1-0

[Event "Minsk op"]
[Site "Minsk"]
[Date "1996.??.??"]
[Round "4"]
[White "Zakharevich, Igor"]
[Black "Ruban, Evgeny"]
[Result "1-0"]
[WhiteElo "2435"]
[BlackElo "2325"]

1.d4 Nf6 2.c4 e6 3.Nf3 b6 4.Nc3 Bb7 5.a3 d5 6.Qc2 Be7 7.cxd5 exd5 8.Bf4 O-O
9.e3 c5 10.Bd3 Nc6 11.O-O h6 12.Rad1 c4 13.Bf5 Bd6 14.Be5 Na5 15.Rfe1 a6
16.e4 dxe4 17.Nxe4 Bxe4 18.Bxe4 Ra7 19.Nh4 Nxe4 20.Qxe4 Bxe5 21.dxe5 Rd7
22.Rxd7 Qxd7 23.Nf5 Qd2 24.h3 Nc6 25.Re3 Nd8 26.Qg4 Ne6 27.Nxh6+ Kh7 28.Nf5 Rd8
29.Qh4+ Kg8 30.Ne7+ Kf8  1-0

[Event "Mondariz op"]
[Site "Mondariz"]
[Date "1996.??.??"]
[Round "?"]
[White "Roeder, Mathias"]
[Black "Teijeiro, Barros Alberto"]
[Result "1-0"]
[WhiteElo "2435"]
[BlackElo "2225"]

1.d4 Nf6 2.c4 e6 3.Nf3 b6 4.Nc3 Bb7 5.Bg5 Bb4 6.e3 h6 7.Bh4 O-O 8.Bd3 c5
9.O-O Bxc3 10.bxc3 d6 11.Nd2 Nbd7 12.f4 Qc7 13.e4 e5 14.fxe5 dxe5 15.d5 Qd6
16.Rf2 g5 17.Bg3 Ne8 18.Qh5 Ng7 19.Qe2 Nf6 20.Nf1 Bc8 21.Ne3 Nfh5 22.Nf5 Bxf5
23.exf5 Nf4 24.Qf3 Nxd3 25.Qxd3 f6 26.a4 a5 27.Rb2 Rab8 28.Bf2 Kf7 29.g4 Rh8
30.h3 Ke7 31.Rab1 Rh7 32.Rb5 Rhh8 33.R1b2 Rhc8 34.Qb1 Rc7 35.Rxb6 Rxb6 36.Rxb6  1-0

[Event "Moscow Alekhine op"]
[Site "Moscow"]
[Date "1996.??.??"]
[Round "3"]
[White "Baikov, Vladimir A"]
[Black "Granovski, Aleksandar"]
[Result "1-0"]
[WhiteElo "2520"]
[BlackElo "2255"]

1.d4 Nf6 2.c4 e6 3.Nf3 b6 4.Nc3 Bb4 5.Qc2 Bb7 6.a3 Bxc3+ 7.Qxc3 Ne4 8.Qd3 O-O
9.g3 d5 10.Bg2 dxc4 11.Qxc4 c5 12.O-O Qc8 13.Be3 Nd6 14.Qc1 cxd4 15.Bxd4 Nc6
16.Bxg7 Kxg7 17.Qg5+ Kh8 18.Qf6+ Kg8 19.Ng5 Nf5 20.e4 Qd8 21.Qxd8 Nxd8 22.exf5 Bxg2
23.Kxg2 exf5 24.Rad1 Kg7 25.Rd5 Kg6 26.Nf3 Ne6 27.Nh4+ Kf6 28.Rxf5+ Ke7 29.Rd1 Rad8
30.Rfd5 Rxd5 31.Rxd5 Rc8 32.Nf5+ Kf6 33.Ne3 Rc1 34.Rd7 Rb1 35.b4 a5 36.bxa5 bxa5
37.Rd5  1-0

[Event "Moscow Alekhine op"]
[Site "Moscow"]
[Date "1996.??.??"]
[Round "3"]
[White "Zakharevich, Igor"]
[Black "Kiselev, Sergey"]
[Result "1/2-1/2"]
[WhiteElo "2435"]
[BlackElo "2525"]

1.d4 Nf6 2.Nf3 e6 3.c4 b6 4.Nc3 Bb4 5.Bg5 Bb7 6.e3 h6 7.Bh4 Bxc3+ 8.bxc3 d6
9.Nd2 g5 10.Bg3 Qe7 11.c5 dxc5 12.Bb5+ Kf8 13.O-O Rg8 14.Re1 Nc6 15.e4 Rd8
16.d5 Na5 17.c4 e5 18.Qf3 Ne8 19.Qc3 f6 20.Ba4 Nd6 21.Bd1 Bc8 22.Rc1 Bd7
23.h3 Be8 24.Bg4 Bf7 25.Qf3 Rh8 26.Rc3 Kg7 27.h4 Rde8 28.h5 Rhf8 29.Rec1 Nab7
30.Ra3 a5 31.Re3 Ra8 32.Nf1 Kg8 33.Qe2 Ne8 34.Bh2 Ng7 35.Rh3 Nd6 36.Rcc3 Rad8
37.Nd2 Be8 38.Rhe3 c6 39.g3 cxd5 40.exd5 f5 41.Rxe5 Qf6 42.Bf3 g4 43.Bg2 Ne4
44.Rxe4 Qxc3 45.Re3 Qa1+ 46.Nf1 Bxh5 47.Qd2 Qf6 48.Rd3 Ne8 49.Rb3 Rb8 50.Ne3 Nd6
51.Bf1 Rfe8 52.Qb2 Qxb2 53.Rxb2 Kf7 54.Bd3 Kf6 55.Kf1 Bg6 56.Be2 h5 57.Bg1 Ne4
58.Nd1 a4 59.a3 Bf7 60.Ne3 Re5 61.Kg2 Nc3 62.f4 gxf3+ 63.Bxf3 Ne4 64.Nf1 Nd6
65.Ne3 Rb7 66.Rc2 Be8 67.Nf1 Rg7 68.Be3 Rxe3 69.Nxe3 f4 70.Nf1 fxg3 71.Re2 Bf7
72.Bxh5 Bg8 73.Rc2 Nxc4 74.Bf3 Ne5 75.Be4 Nd7 76.Nxg3 Ke5 77.Bf3 b5  1/2-1/2

[Event "JUG-ch op"]
[Site "Nis"]
[Date "1996.??.??"]
[Round "2"]
[White "Nestorovic, Dejan"]
[Black "Tosic, Miroslav"]
[Result "1/2-1/2"]
[WhiteElo "2310"]
[BlackElo "2415"]

1.d4 e6 2.c4 Nf6 3.Nf3 b6 4.Nc3 Bb7 5.Bg5 Be7 6.e3 c5 7.Bd3 d6 8.dxc5 bxc5
9.Qc2 Nbd7 10.O-O-O Rb8 11.Rhg1 Bc6 12.Nd2 Ne5 13.Be2 Qb6 14.Bxf6 gxf6 15.f4 Nd7
16.Nde4 Bxe4 17.Nxe4 f5 18.Nc3 Nf6 19.g4 fxg4 20.Bxg4 Rg8 21.Bf3 Rxg1 22.Rxg1 Bf8
23.Ne4  1/2-1/2

[Event "NOR-ch"]
[Site "NOR"]
[Date "1996.??.??"]
[Round "5"]
[White "Gausel, Einar"]
[Black "Heim, Sverre"]
[Result "1-0"]
[WhiteElo "2520"]
[BlackElo "2410"]

1.Nf3 Nf6 2.c4 b6 3.d4 e6 4.Nc3 Bb7 5.Bg5 Be7 6.Qc2 c5 7.dxc5 bxc5 8.e3 Nc6
9.Be2 O-O 10.Rd1 h6 11.Bh4 Nh5 12.Bxe7 Qxe7 13.O-O Nf6 14.Rd2 Rfd8 15.Rfd1 d6
16.h3 Rab8 17.Nh2 Ba8 18.Bf3 a6 19.b3 Rbc8 20.Qb2 Qc7 21.Nf1 Ne8 22.Ng3 f5
23.Nh5 Ne5 24.Bxa8 Rxa8 25.Na4 Rab8 26.Qc3 Kf7 27.f4 Nc6 28.Qd3 g6 29.Ng3 Nf6
30.Qf1 Rd7 31.Qf3 Rg8 32.Nc3 Kg7 33.Nge2 Kh7 34.e4 Rgg7 35.Kh1 Kh8 36.Qe3 Nd8
37.e5 Ne8 38.exd6 Rxd6 39.Rxd6 Nxd6 40.Qe5 N8b7 41.Qxe6 Qe7 42.Qxe7 Rxe7
43.Kg1 Kg7 44.Kf2 Kf7 45.Nc1 Kg7 46.Kf3 h5 47.g3 Kh6 48.Nd5 Rg7 49.Nd3 a5
50.Ne5 g5 51.g4 fxg4+ 52.hxg4 h4 53.fxg5+ Kxg5 54.Nf4 Re7 55.Rd5 Kf6 56.Nh5+ Ke6
57.g5 Re8 58.Ng7+  1-0

[Event "RUS-Cup3"]
[Site "Omsk"]
[Date "1996.??.??"]
[Round "1"]
[White "Temirbaev, Serik"]
[Black "Ermekov, Almas"]
[Result "1-0"]
[WhiteElo "2480"]
[BlackElo "2135"]

1.d4 Nf6 2.c4 e6 3.Nf3 b6 4.Nc3 Bb7 5.Bg5 Bb4 6.e3 h6 7.Bh4 O-O 8.Bd3 d5
9.cxd5 exd5 10.O-O Nbd7 11.Ne5 Be7 12.f4 Ne4 13.Bxe7 Qxe7 14.Nxe4 dxe4 15.Bc4 Rad8
16.Ng6 Qf6 17.Nxf8 Nxf8 18.Qb3 Ng6 19.Rac1 Nh4 20.Bxf7+  1-0

[Event "ESP-chT"]
[Site "Oropesa del Mar"]
[Date "1996.??.??"]
[Round "8"]
[White "Romero Holmes, Alfonso"]
[Black "Gomez Esteban, Juan Mario"]
[Result "1/2-1/2"]
[WhiteElo "2430"]
[BlackElo "2495"]

1.c4 Nf6 2.Nf3 b6 3.d4 e6 4.Nc3 Bb7 5.a3 d5 6.Qc2 c6 7.e4 dxe4 8.Nxe4 Nbd7
9.Nxf6+ Nxf6 10.c5 Be7 11.Be2 bxc5 12.dxc5 Ba6 13.Bxa6 Qa5+ 14.b4 Qxa6 15.Bb2 Nd5
16.Qe2 Qxe2+ 17.Kxe2 f6 18.Nd4 Kd7 19.Bc1 f5 20.Kd3 Bf6 21.Rb1 Rhe8 22.Re1 g6
23.b5 cxb5 24.Rxb5 Nc7 25.Rb3 e5 26.Nb5 Nxb5 27.Rxb5 Kc6 28.Kc4 Red8 29.Bb2 Rd2
30.a4 Rc2+ 31.Kb3 Rxf2 32.Rd1 Rd8 33.Rxd8 Bxd8 34.Bxe5 Re2 35.Bd6 Bf6 36.Kc4 Rxg2
37.Ra5 Rg4+ 38.Kb3 Bd4 39.Rxa7 Bxc5 40.Bxc5 Kxc5 41.Rxh7 f4 42.Rf7 Rh4 43.Rf6 Rh3+
44.Kc2 Rxh2+ 45.Kd3 Rh3+ 46.Ke4 Ra3 47.Kxf4 Rxa4+ 48.Kg5 Kd5 49.Rxg6 Ke5  1/2-1/2

[Event "Komercni Banka op"]
[Site "Pardubice"]
[Date "1996.??.??"]
[Round "6"]
[White "Mikhalevski, Victor"]
[Black "Veselovsky, Sergey"]
[Result "0-1"]
[WhiteElo "2500"]
[BlackElo "2440"]

1.d4 Nf6 2.c4 e6 3.Nf3 b6 4.Nc3 Bb4 5.Bg5 Bb7 6.e3 Be7 7.Bd3 c5 8.O-O O-O
9.a3 cxd4 10.exd4 d5 11.Qe2 Nc6 12.Rad1 Rc8 13.cxd5 Nxd5 14.Qe4 g6 15.Qh4 Nxd4
16.Bxg6 Nxf3+ 17.gxf3 fxg6 18.Rxd5 Bxg5 19.Rxg5 Rxf3 20.Rd1 Rd3 21.Rxd3 Qxd3
22.Qe4 Rxc3 23.Qxe6+ Kg7 24.Qe7+ Kh6 25.Qxb7 Rc1+ 26.Kg2 Qf1+ 27.Kf3 Qd1+
28.Ke3 Qb3+ 29.Ke2 Qxb2+ 30.Ke3 Qc3+ 31.Ke4 Re1+  0-1

[Event "Komercni Banka op"]
[Site "Pardubice"]
[Date "1996.??.??"]
[Round "7"]
[White "Rapoport, Igor"]
[Black "Obodchuk, Andrei"]
[Result "1/2-1/2"]
[WhiteElo "2300"]
[BlackElo "2430"]

1.d4 Nf6 2.Nf3 e6 3.c4 b6 4.Nc3 Bb7 5.Bg5 h6 6.Bh4 Be7 7.e3 O-O 8.Be2 c5
9.O-O d6 10.h3 Nbd7 11.Bg3 a6 12.a4 cxd4 13.exd4 d5 14.Ne5 Nxe5 15.dxe5 Ne4
16.Nxe4 dxe4 17.Qxd8 Rfxd8 18.Bf4 Bc5 19.Rfd1 a5 20.Rxd8+ Rxd8 21.Rd1 Rxd1+
22.Bxd1 g5 23.Be3 Kg7 24.Kf1 Kg6 25.g4 f6 26.exf6 Kxf6 27.Ke2 Ke5 28.Bxc5 bxc5  1/2-1/2

[Event "Paris op"]
[Site "Paris"]
[Date "1996.??.??"]
[Round "8"]
[White "Sherbakov, Ruslan"]
[Black "Rausis, Igors"]
[Result "1/2-1/2"]
[WhiteElo "2565"]
[BlackElo "2490"]

1.d4 Nf6 2.c4 e6 3.Nf3 b6 4.Nc3 Bb7 5.a3 d5 6.cxd5 Nxd5 7.Bd2 Be7 8.Qc2 O-O
9.Rd1 Nd7 10.e4 Nxc3 11.Bxc3 c5 12.dxc5 Qc8  1/2-1/2

[Event "Pico City op"]
[Site "Pico City"]
[Date "1996.??.??"]
[Round "8"]
[White "Garcia Palermo, Carlos"]
[Black "Quiroga, Facundo"]
[Result "1-0"]
[WhiteElo "2495"]
[BlackElo "2305"]

1.d4 Nf6 2.c4 e6 3.Nf3 b6 4.Nc3 Bb4 5.Qb3 a5 6.Bg5 h6 7.Bh4 Bb7 8.a3 a4 9.Qc2 Bxc3+
10.bxc3 d6 11.e3 Nbd7 12.Bd3 O-O 13.O-O c5 14.Nd2 Qc7 15.f3 Rfc8 16.Rfc1 d5
17.Rab1 Qd6 18.Qb2 Ba6 19.Bf1 g5 20.Bg3 Qe7 21.cxd5 exd5 22.Bxa6 Rxa6 23.e4 cxd4
24.cxd4 Rxc1+ 25.Qxc1 Ra7 26.e5 Nh5 27.Nf1 Qe6 28.Qc8+ Kg7 29.Rc1 Nc5 30.Qb8 Rb7
31.Qa8  1-0

[Event "GER-ch U20 qual2"]
[Site "Pinneberg"]
[Date "1996.??.??"]
[Round "5"]
[White "Becker, Marcel"]
[Black "Rozman, Ilya"]
[Result "1/2-1/2"]
[WhiteElo "2150"]
[BlackElo "2205"]

1.d4 Nf6 2.c4 e6 3.Nf3 b6 4.Nc3 Bb7 5.Bg5 h6 6.Bh4 Be7 7.e3 c5 8.Bd3 O-O
9.O-O d5 10.Qe2 Nbd7 11.Rfd1 a6 12.Rac1 Re8 13.cxd5 exd5 14.Bb1 Rc8 15.dxc5 bxc5
16.Bf5 Ra8 17.Qc2 Nb6 18.Na4 Nxa4 19.Qxa4 Qb6 20.Ne5 Qb5 21.Qc2 Rad8 22.a4 Qb6
23.Bxf6 Bxf6 24.Nd7 Qxb2 25.Qxb2 Bxb2 26.Rb1 Bc6 27.Nxc5 Ba3 28.Nxa6 Bxa4
29.Rd4 Bc6 30.Nb4 Ba8 31.Rd3 Bxb4 32.Rxb4 Rb8 33.Rxb8 Rxb8 34.h4 g6 35.Bg4 h5
36.Bf3 Rb1+ 37.Kh2 Rb2 38.Kg3 Rb5 39.Rc3 Kg7 40.Rc8 Ra5 41.Rc7 Kf6 42.Be2 Ra4
43.Bb5 Re4 44.Kh3 Rb4 45.Be8 Rb7 46.Rxb7 Bxb7 47.Kg3 Ke7 48.Ba4 f6 49.f3 Bc8
50.Kf4 Be6 51.g4 hxg4 52.fxg4 Kf7 53.Bc2 Kg7 54.Bb3 Bf7 55.g5 Bg8 56.gxf6+ Kxf6
57.e4 dxe4  1/2-1/2

[Event "CZE-ch U18"]
[Site "Prague"]
[Date "1996.??.??"]
[Round "3"]
[White "Fronek, V."]
[Black "Mezera, Lukas"]
[Result "0-1"]
[WhiteElo "1800"]
[BlackElo "1770"]

1.Nf3 Nf6 2.d4 e6 3.c4 b6 4.Nc3 Bb4 5.Bg5 Bxc3+ 6.bxc3 Bb7 7.e3 d6 8.Qc2 Nbd7
9.Bd3 h6 10.Bxf6 Nxf6 11.e4 Nd7 12.O-O c5 13.Qe2 e5 14.d5 Qe7 15.g3 g5 16.Kg2 Bc8
17.Rh1 Nf8 18.h4 g4 19.Nd2 h5 20.Nf1 Ng6 21.Qe3 Bd7 22.Nd2 Qf8 23.Qg5 Qe7
24.Qxe7+ Kxe7 25.Nf1 Raf8 26.Ne3 Kd8 27.Nf5 Bxf5 28.exf5 Ne7 29.a4 Kc7 30.Rhf1 Re8
31.Rae1 Ng8 32.f3 Nf6 33.Be4 Rhg8 34.Re2 gxf3+ 35.Kxf3 Rg4 36.Rg1 Reg8 37.Rgg2 Nxe4
38.Rxe4 Rxe4 39.Kxe4 Rg4+ 40.Kd3 Kd7 41.f6 Kc7 42.Re2 Rxg3+ 43.Re3 Rg4 44.Re4 Rxe4
45.Kxe4 Kd7 46.Kf5 Ke8 47.Kg5 Kf8 48.Kxh5 Kg8 49.Kg4 Kh7 50.Kg5 a6 51.Kh5 e4
52.Kg4 Kh6 53.Kf4 Kh5 54.Kxe4 Kxh4 55.Kf4 Kh5 56.Kf5 Kh6 57.Kg4 Kg6 58.Kf3  0-1

[Event "CRO-ch (Women)"]
[Site "Pula"]
[Date "1996.??.??"]
[Round "?"]
[White "Svaljek, Radmila"]
[Black "Macek, Vlasta"]
[Result "0-1"]
[WhiteElo "2130"]
[BlackElo "2250"]

1.d4 e6 2.Nf3 b6 3.c4 Nf6 4.Nc3 Bb4 5.a3 Bxc3+ 6.bxc3 Bb7 7.Bg5 d6 8.e3 Nbd7
9.Be2 Qe7 10.Qa4 O-O 11.Qb5 Rfe8 12.O-O h6 13.Bh4 Nf8 14.Rac1 Ng6 15.Bg3 Ne4
16.Qb1 Nxg3 17.hxg3 e5 18.Nd2 Nf8 19.Qf5 g6 20.Qb1 Kg7 21.Nb3 Nd7 22.Qb2 a5
23.Rfe1 h5 24.d5 Rh8 25.e4 Nf6 26.f3 Nd7 27.Kf2 a4 28.Nd2 Nc5 29.Rh1 Qf6
30.Rh2 h4 31.g4 Bc8 32.Kg1 Bd7 33.Rb1 Qf4 34.Nf1 f5 35.exf5 gxf5 36.Qd2 Qxd2
37.Nxd2 f4 38.Kf2 Kf6 39.Bd1 Be8 40.Bc2 Bg6 41.Bxg6 Kxg6 42.Ne4 Nxe4+ 43.fxe4 Kg5
44.Kf3 Ra5 45.Rb5 Ra6 46.Rb1 Rh7 47.Rh3 Ra8 48.Rb4 Ra5 49.Rb5 Rh8 50.Rh2 Ra6
51.Rb1 Ra7 52.Rh3 Rb7 53.Rh2 Rbb8 54.Rh3 Rh7 55.Rh2 c6 56.dxc6 Rc7 57.Rb4 Rxc6
58.Rxa4 b5 59.Ra7 Rxc4 60.Rg7+ Kf6 61.Rh7 Rxc3+ 62.Kf2 Rxa3 63.R2xh4 Rg8
64.Rd7 Kg5 65.Rdh7 Rg6 66.R7h5+ Kf6 67.Rh8 Rg3 68.Rb8 Re3 69.Rxb5 Rxe4 70.Rh8 Rd4
71.Rb6 Rxg4 72.Rb2 Rg3 73.Rf8+ Ke6 74.Re2 Rgd3 75.Rb8 Rd2 76.Rb2 Rxb2 77.Rxb2 Rd3
78.Re2 d5  0-1

[Event "EU-ch U16"]
[Site "Rimavska Sobota"]
[Date "1996.??.??"]
[Round "8"]
[White "Rufener, Markus"]
[Black "Pashkov, Anatolij"]
[Result "0-1"]
[WhiteElo "2080"]
[BlackElo "2205"]

1.d4 Nf6 2.c4 e6 3.Nf3 b6 4.Nc3 Bb7 5.a3 d5 6.cxd5 exd5 7.Qa4+ c6 8.Bg5 Be7
9.g3 O-O 10.Bg2 h6 11.Bxf6 Bxf6 12.O-O Re8 13.Rad1 Nd7 14.Rfe1 c5 15.dxc5 Nxc5
16.Qc2 Rc8 17.Nd4 Ne6 18.Nxe6 fxe6 19.Qb3 Bxc3 20.bxc3 Qf6 21.Rc1 Rf8 22.f4 Rc4
23.Rc2 Rfc8 24.Rec1 Bc6  0-1

[Event "Seefeld op"]
[Site "Seefeld"]
[Date "1996.??.??"]
[Round "?"]
[White "Treiber, Burkhard"]
[Black "Behrens, Harald"]
[Result "1/2-1/2"]
[WhiteElo "2090"]
[BlackElo "2270"]

1.d4 Nf6 2.Nf3 e6 3.c4 b6 4.Nc3 Bb4 5.Bg5 Bb7 6.Qc2 h6 7.Bh4 g5 8.Bg3 Ne4
9.e3 Bxc3+ 10.bxc3 d6 11.Bd3 Nxg3 12.hxg3 Nd7 13.Be4 Bxe4 14.Qxe4 Nf6 15.Qc2 Ke7
16.e4 Qg8 17.a4 Qg6 18.Nd2 Rhc8 19.a5 d5 20.cxd5 exd5 21.f3 Kf8 22.Qa2 dxe4
23.O-O e3 24.Nc4 Nd5 25.Ne5 Qe6 26.f4 gxf4 27.gxf4  1/2-1/2

[Event "SLO-chT sf"]
[Site "SLO"]
[Date "1996.??.??"]
[Round "1"]
[White "Cuk, M."]
[Black "Truta, Srecko"]
[Result "1/2-1/2"]
[WhiteElo "1985"]
[BlackElo "2200"]

1.d4 Nf6 2.Nf3 e6 3.c4 b6 4.Nc3 Bb7 5.e3 Bb4 6.Bd3 Ne4 7.Bd2 Bxc3 8.Bxc3 Nxc3
9.bxc3 d6 10.O-O Nd7 11.Qe2 O-O 12.Nd2 f5 13.f4 Qe7 14.e4 fxe4 15.Nxe4 h6
16.Rae1 Rae8 17.Ng3 Qf7 18.Qc2 Re7 19.Qe2 Rfe8 20.Qg4 Nf8  1/2-1/2

[Event "RUS-Cup1 Chigorin mem"]
[Site "St Petersburg"]
[Date "1996.??.??"]
[Round "3"]
[White "Galliamova, Alisa"]
[Black "Pozdniakov, Sergei"]
[Result "1-0"]
[WhiteElo "2475"]
[BlackElo "2360"]

1.d4 Nf6 2.c4 e6 3.Nf3 b6 4.Nc3 Bb7 5.a3 Be7 6.d5 d6 7.g3 e5 8.Bg2 O-O 9.O-O Nbd7
10.b4 a5 11.Rb1 Re8 12.Ne1 Bf8 13.e4 Ba6 14.Qb3 g6 15.Nd3 Nh5 16.Bd2 axb4
17.axb4 f5 18.f4 exf4 19.Nxf4 Nxf4 20.Bxf4 Ne5 21.Bxe5 Rxe5 22.exf5 gxf5
23.Qc2 Bxc4 24.Rxf5 Bg7 25.Rxe5 Bxe5 26.Bf1 Ra3 27.Bxc4 Rxc3 28.Qe4 Qg5 29.Bd3 Qh6
30.Rf1 Qh5 31.b5 Ra3 32.Qc4 Ra1 33.Bb1 Ra8 34.Qe4 Re8 35.Rf5 Qd1+ 36.Kg2 Qd2+
37.Rf2 Qh6 38.Rf4 Re7 39.Rh4 Qd2+ 40.Kh3  1-0

[Event "RUS-Cup1 Chigorin mem"]
[Site "St Petersburg"]
[Date "1996.??.??"]
[Round "4"]
[White "Zakharevich, Igor"]
[Black "Raaste, Eero J"]
[Result "1/2-1/2"]
[WhiteElo "2485"]
[BlackElo "2360"]

1.d4 Nf6 2.c4 e6 3.Nf3 b6 4.Nc3 Bb4 5.Bg5 Bb7 6.e3 h6 7.Bh4 Bxc3+ 8.bxc3 d6
9.Nd2 Nbd7 10.f3 g5 11.Bg3 Qe7 12.e4 Nh5 13.Bf2 f5 14.Qc2 fxe4 15.Nxe4 O-O-O
16.c5 d5 17.Qa4 dxe4 18.c6 Kb8 19.cxb7 exf3 20.O-O-O Rhf8 21.gxf3 Rxf3 22.Be1 Nf4
23.Bb5 Nf6 24.Rf1 Rxf1 25.Bxf1 Ng4 26.Rd2 Qf6 27.Qc6 Qf5 28.Bg3 Ne3 29.Bd3 Qd5
30.Be4 Qc4 31.Qxc4 Nxc4 32.Rf2 Rf8 33.Kd1 Nd6 34.Bc6 Nxb7 35.h4 a6 36.hxg5 hxg5
37.Rh2 Na5 38.Be4 Nc4 39.Rh7 Ne3+ 40.Ke1 Nf5 41.Bh2 b5 42.Bc6 Nd6 43.a4 bxa4
44.Bxa4 Ne4 45.c4 Ng2+ 46.Kd1 Nf4 47.Kc2 Kb7 48.Re7 Nd6 49.Kb3 Rf7 50.Rxf7 Nxf7
51.Kc3 Nd6 52.Bd7 Ne4+ 53.Kc2 c5 54.Bxf4 gxf4 55.Bxe6 Ng5 56.Bd5+ Kb6 57.dxc5+ Kxc5
58.Kb3 f3 59.Ka4 f2 60.Bg2 Ne4 61.Ka5 Nd2 62.Kxa6 Kxc4 63.Ka5 Kd3 64.Kb4 Kd4
65.Bh3 Ke3 66.Kc3 Ne4+ 67.Kc4 Nd2+ 68.Kc3 Ke2 69.Kd4 Kf3 70.Kd3 Kg3 71.Ke2  1/2-1/2

[Event "RUS-Cup1 Chigorin mem"]
[Site "St Petersburg"]
[Date "1996.??.??"]
[Round "7"]
[White "Burmakin, Vladimir"]
[Black "Kochyev, Alexander"]
[Result "1-0"]
[WhiteElo "2505"]
[BlackElo "2500"]

1.d4 Nf6 2.c4 e6 3.Nf3 b6 4.Nc3 Bb7 5.Bg5 Be7 6.e3 c5 7.dxc5 bxc5 8.Bd3 O-O
9.Qc2 h6 10.Bh4 Nc6 11.a3 d5 12.cxd5 exd5 13.O-O d4 14.Bxf6 Bxf6 15.Ne4 dxe3
16.Nxc5 exf2+ 17.Kh1 Na5 18.Rad1 Qe7 19.b4 Bxf3 20.gxf3 Nc6 21.Nd7 Nd4 22.Nxf6+ Qxf6
23.Qxf2 Rad8 24.b5 Qb6 25.a4 Ne6 26.Qxb6 axb6 27.Bc2 Rc8 28.Bf5 Rc4 29.Rd6 Rxa4
30.Rxb6 Rb4 31.Rb1 Rxb1+ 32.Bxb1 Rd8 33.Be4 Nc5 34.Bf5 g6 35.Rc6 gxf5 36.Rxc5 Rd2
37.Rxf5 Rb2 38.h4 Kg7 39.h5 Kf8 40.Kg1 Ke7 41.Kf1 Ke6 42.Rc5 Kd6 43.Rc6+ Kd5
44.Rxh6 Rxb5 45.Rf6 Kd4 46.h6 Rh5 47.f4 Ke4 48.Kf2 Rh2+ 49.Kg3 Rh1 50.Kg4 Rg1+
51.Kh4 Rh1+ 52.Kg3 Rg1+ 53.Kh2 Rg4 54.Kh3 Rg1 55.Rxf7 Rh1+ 56.Kg4 Rxh6 57.Re7+ Kd5
58.Kg5  1-0

[Event "RUS-Cup1 Chigorin mem"]
[Site "St Petersburg"]
[Date "1996.??.??"]
[Round "7"]
[White "Aseev, Konstantin N"]
[Black "Yemelin, Vasily"]
[Result "1/2-1/2"]
[WhiteElo "2560"]
[BlackElo "2460"]

1.d4 Nf6 2.c4 e6 3.Nf3 b6 4.Nc3 Bb4 5.Bg5 Bb7 6.e3 Bxc3+ 7.bxc3 d6 8.Nd2 Qe7
9.f3 e5 10.e4 Nc6 11.d5 Nb8 12.a4 Nbd7 13.a5 O-O 14.Be2 Rfb8 15.O-O Bc8 16.Ra3 h6
17.Be3 Nh5 18.g3 Nc5 19.Qc2 Bh3 20.Rfa1 g5 21.axb6 cxb6 22.f4 Nxf4 23.gxf4 gxf4
24.Bxc5 Qg5+ 25.Kf2 Qh4+ 26.Kg1 Qg5+ 27.Kf2 Qh4+ 28.Kg1 Qg5+  1/2-1/2